| 000 | 01240nam a22003137a 4500 | ||
|---|---|---|---|
| 003 | DO-SdBNP | ||
| 005 | 20180312153542.0 | ||
| 008 | 160509b 2000 dr 00| 0 spa d | ||
| 040 |
_aBPMSU _bspa _cBPMSU |
||
| 082 | 4 |
_a372.5 _bM722e, 8vo. [20--] |
|
| 100 | 1 | _aMolinaza, José | |
| 245 | 1 |
_aEducación artística 8 / _cJosé Molinaza, María Soledad Lockhart, Rene Montilla ; ilustraciones Fausto Liriano, Henry Brito |
|
| 260 | 0 |
_aSanto Domingo : _bSecretaría de Estado de Educación ; _c2000. _g(reimpresión, 2013) |
|
| 300 |
_a260 p. : _bil. ; _c27 cm. |
||
| 500 | _aLa biblioteca posee la reimpresión del 2013 | ||
| 650 | 4 |
_aARTE _xENSEÑANZA BÁSICA _zREPÚBLICA DOMINICANA |
|
| 650 | 4 |
_aARTE _xENSEÑANZA _xLIBROS DE TEXTOS |
|
| 650 | 4 |
_aARTE _xENSEÑANZA _xESTUDIOS Y EJERCÍCIOS |
|
| 650 | 4 |
_aARTE _xENSEÑANZA _xEDUCACIÓN PRIMARIA |
|
| 650 | 4 |
_aEDUCACIÓN PRIMARIA _zREPÚBLICA DOMINICANA |
|
| 700 | 1 | 2 | _aLockhart, María Soledad |
| 700 | 1 | 2 | _aMontilla, René |
| 700 | 1 | 2 |
_aLiriano, Fausto, _eil. |
| 700 | 1 | 2 |
_aBrito, Henry, _eil. |
| 910 | _aValidado. Control de calidad MFF | ||
| 942 |
_2ddc _cBK |
||
| 945 | _ainventariado, 2018 / dg Remanejada para la BNPHU 2018 / BT | ||
| 956 |
_aBTAVÁREZ _b10 _dBPMSU _c20180307 _f0038 |
||
| 999 |
_c10052 _d10052 |
||